Income tax progressivity and labour supply (Registro nro. 25900)

Detalles MARC
000 -LEADER
fixed length control field 00335 a2200109 4500
001 - CONTROL NUMBER
control field ART_11854
005 - DATE AND TIME OF LATEST TRANSACTION
control field 20260410161901.0
008 - FIXED-LENGTH DATA ELEMENTS--GENERAL INFORMATION
fixed length control field 260409a
100 1# - MAIN ENTRY--PERSONAL NAME
Personal name Hemming, Richard
245 10 - TITLE STATEMENT
Title Income tax progressivity and labour supply
773 0# - HOST ITEM ENTRY
Title Journal of public economics
Related parts - Vol. 14, Nº 1 (ago. 1980)
Record control number REV11485

No hay ítems disponibles.